000 00915nam a22002897a 4500
001 BR6005885
003 BR-BrBNA
005 20230928083232.0
007 ta
008 230509b bl.||||| |||| 00| 0 por d
040 _aBR-BrBNA
_bpor
_cBiblioteca Nacional de Agricultura
041 _a(Por)
072 _aE15; F25
_b/G514
090 _ E15 BR6005885
100 1 _aNoskoski, C.
110 1 _aAssociacao Sulina de Credito e Assistencia Rural, Porto Alegre, RS (Brasil)
245 1 _aEstudo dos resultados economico-financeiros do plano de melhoramento da fertilidade do solo de Horizontina Rio Grande do Sul 1969/1970 [Brasil]
260 3 _aPorto Alegre, RS (Brasil):
_c1971.
300 _a67 p.
650 _aFERTILIDADE DO SOLO
650 _aINSUMO
650 _aCUSTO DE PRODUCAO
650 _aMAO-DE-OBRA
650 _aRIO GRANDE DO SUL
909 _a202309
_bLucia
_c55
_dLucia Elande
942 _cBK
999 _c12309
_d12309